000 00292nam a22001217a 4500
008 190306b xxu||||| |||| 00| 0 eng d
041 _aeng
080 _a617
100 _a8
101 _aORT
245 _aThe Management of Fractures, Dislocations and Sprains
_cKey,J.A
942 _2udc
_cBK
999 _c54597
_d54597